01449nam a2200325 a 4500001001000000003000500010005001700015008004100032010001100073011001100084040000900095090001000104100004600114245016800160260004100328500006000369502009000429590004100519590004000560590004000600650007300640650005500713856007000768901000700838942001000845942000600855999001900861952011900880952012400999000109369CHAP20220329144048.0140423s2013 mx sm |||||||spa d a105831 a106803 cCHAP aTesis1 aHuerta Casarrubias, Edgar Alberto912654610aActividad biológica del veneno del ciempiés Scolopendra viridis Say sobre plagas y patógenos agrícolash[En línea]cpor Edgar Alberto Huerta Casarrubias. aChapingo, Méx. :bEl autor,c2013. aPara ver el contenido del material haga clic en la liga aTesis (MC. en Protección Vegetal ) -- UACH. Departamento Parasitología Agrícola aBATCH-UPDb05c20141002lUCH01h0901 aE5765TAJb05c20140423lUCH01h0957 aE5765TAJb05c20140423lUCH01h095814aDiplópodosxEfecto del veneno en enfermedades agrícolas.912654814aDiplópodosxEfecto del veneno en plagas.9126547 aFinding aiduhttp://10.13.5.2/tesis/sist109369.pdfzTeclea aquí aBK cTESIS n0 c105831d105831 00102local40718TESISaBCbBCd2014-04-23fTESISl0oTesisp33724002388272r2019-12-31 00:00:00w2014-04-23yCD 00102local40718TESISaBCbBCd2014-04-23fTESISl0oTesisp33724002388314r2019-12-31 00:00:00tc.2w2014-04-23yCD